जंग लगी कीलें / (Record no. 117035)

MARC details
000 -LEADER
fixed length control field 00974nam a22002537a 4500
005 - DATE AND TIME OF LATEST TRANSACTION
control field 20170124103048.0
010 ## - LIBRARY OF CONGRESS CONTROL NUMBER
LC control number A-835461
020 ## - INTERNATIONAL STANDARD BOOK NUMBER
Terms of availability 40.00
035 ## - SYSTEM CONTROL NUMBER
System control number A-835461
037 ## - SOURCE OF ACQUISITION
Source of stock number/acquisition Cen Lib/Ret
040 ## - CATALOGING SOURCE
Original cataloging agency DPL
Language of cataloging HN
082 ## - DEWEY DECIMAL CLASSIFICATION NUMBER
Classification number
Item number शर्माप
100 ## - MAIN ENTRY--PERSONAL NAME
Personal name शर्मा, पवन
9 (RLIN) 69685
245 ## - TITLE STATEMENT
Title जंग लगी कीलें /
Statement of responsibility, etc पवन शर्मा
246 ## - VARYING FORM OF TITLE
Title proper/short title Jang lagi keelen /
Remainder of title by Pavan Sharma
260 ## - PUBLICATION, DISTRIBUTION, ETC. (IMPRINT)
Place of publication, distribution, etc नयी दिल्ली
Name of publisher, distributor, etc अयन प्रकाशन
Date of publication, distribution, etc 1996
270 ## - ADDRESS
Address 1/20 महरौली
City नयी दिल्ली
Postal code 110030
300 ## - PHYSICAL DESCRIPTION
Extent 83पृ.
Dimensions 16सेमी (सजिल्द )
650 ## - SUBJECT ADDED ENTRY--TOPICAL TERM
Topical term or geographic name as entry element हिंदी साहित्य
General subdivision
Geographic subdivision
9 (RLIN) 69686
650 ## - SUBJECT ADDED ENTRY--TOPICAL TERM
Topical term or geographic name as entry element हिंदी साहित्य
Form subdivision
General subdivision कहानियां
9 (RLIN) 69687
650 ## - SUBJECT ADDED ENTRY--TOPICAL TERM
Topical term or geographic name as entry element Hindi literature
9 (RLIN) 69688
650 ## - SUBJECT ADDED ENTRY--TOPICAL TERM
Topical term or geographic name as entry element Hindi literature
General subdivision stories
9 (RLIN) 69689
942 ## - ADDED ENTRY ELEMENTS (KOHA)
Source of classification or shelving scheme Dewey Decimal Classification
Koha item type Hindi Books
Classification part
Call number suffix शर्माप
Holdings
Withdrawn status Lost status Damaged status Not for loan Home library Current library Date acquired Source of acquisition Cost, normal purchase price Total Checkouts Full call number Barcode Date last seen Copy number Cost, replacement price Price effective from Koha item type
        Central Library Central Library 26/08/2015 Cen Lib/Ref 40.00   क शर्माप A-835461 26/08/2015 1 40.00 26/08/2015 Hindi Books

© Delhi Public Library
Hit Counter
free hit counter